Advances in rock dynamics and applications / (Record no. 535552)

000 -LEADER
fixed length control field 02875cam a22003974a 4500
001 - CONTROL NUMBER
control field 16746277
003 - CONTROL NUMBER IDENTIFIER
control field NUST
005 - DATE AND TIME OF LATEST TRANSACTION
control field 20200916143940.0
008 - FIXED-LENGTH DATA ELEMENTS--GENERAL INFORMATION
fixed length control field 110422s2011 flua b 001 0 eng
010 ## - LIBRARY OF CONGRESS CONTROL NUMBER
LC control number 2011013714
016 7# - NATIONAL BIBLIOGRAPHIC AGENCY CONTROL NUMBER
Record control number 015700806
Source Uk
020 ## - INTERNATIONAL STANDARD BOOK NUMBER
International Standard Book Number 9780415613514 (hardback)
020 ## - INTERNATIONAL STANDARD BOOK NUMBER
International Standard Book Number 0415613515 (hardback)
020 ## - INTERNATIONAL STANDARD BOOK NUMBER
International Standard Book Number 9780203093207 (eBook)
020 ## - INTERNATIONAL STANDARD BOOK NUMBER
International Standard Book Number 0203093208 (eBook)
035 ## - SYSTEM CONTROL NUMBER
System control number (OCoLC)ocn659750632
038 ## - RECORD CONTENT LICENSOR
Staff Name MSOHAIL
040 ## - CATALOGING SOURCE
Original cataloging agency DLC
Transcribing agency DLC
Modifying agency YDX
-- BTCTA
-- YDXCP
-- BWX
-- UKMGB
-- UAF
-- CDX
-- COO
-- DLC
042 ## - AUTHENTICATION CODE
Authentication code pcc
050 00 - LIBRARY OF CONGRESS CALL NUMBER
Classification number TA706
Item number .A38 2011
082 00 - DEWEY DECIMAL CLASSIFICATION NUMBER
Classification number 624.15132
Edition number 22
Author Mark ZHO
084 ## - OTHER CLASSIFICATION NUMBER
Classification number TEC009150
-- TEC009020
-- SCI031000
Number source bisacsh
245 00 - TITLE STATEMENT
Title Advances in rock dynamics and applications /
Statement of responsibility, etc. edited by Yingxin Zhou, Jian Zhao.
260 ## - PUBLICATION, DISTRIBUTION, ETC.
Place of publication, distribution, etc. Boca Raton :
Name of publisher, distributor, etc. CRC Press/Balkema,
Date of publication, distribution, etc. 2011.
300 ## - PHYSICAL DESCRIPTION
Extent xiv, 514 p. :
Other physical details ill. ;
Dimensions 26 cm.
504 ## - BIBLIOGRAPHY, ETC. NOTE
Bibliography, etc. note Includes bibliographical references and index.
520 ## - SUMMARY, ETC.
Summary, etc. "The study of rock dynamics is important because many rock mechanics and rock engineering problems involve dynamic loading ranging from earthquakes to vibrations and explosions. The subject deals with the distribution and propagation of loads, dynamic responses and processes of rocks and rate-dependent properties, coupled with the physical environment. Rock dynamics has a wide range of applications in civil, mining, geological and environmental engineering. However, due to the additional "4th" dimension of time, rock dynamics remains, in the discipline of rock mechanics, a relatively more challenging topic to understand and to apply, where documented research and knowledge are limited.Advances in Rock Dynamics and Applications provides a summary of the current knowledge of rock dynamics with 18 chapters contributed by individual authors from both academia and engineering fields. The topics of this book are wide-ranging and representative, covering fundamental theories of fracture dynamics and wave propagation, rock dynamic properties and testing methods, numerical modelling of rock dynamic failure, engineering applications in earthquakes, explosion loading and tunnel response, as well as dynamic rock support"--
Assigning source Provided by publisher.
520 ## - SUMMARY, ETC.
Summary, etc. "This book aims to provide a summary of the current knowledge of rock dynamics for researchers and engineers"--
Assigning source Provided by publisher.
650 #0 - SUBJECT ADDED ENTRY--TOPICAL TERM
Topical term or geographic name entry element Rock mechanics.
9 (RLIN) 23489
700 1# - ADDED ENTRY--PERSONAL NAME
Personal name Zhou, Yingxin.
9 (RLIN) 30181
700 1# - ADDED ENTRY--PERSONAL NAME
Personal name Zhao, Jian,
Dates associated with a name 1960-
9 (RLIN) 30182
856 ## - ELECTRONIC LOCATION AND ACCESS
Uniform Resource Identifier <a href="http://pda.library.cornell.edu/coutts/pod.cgi?CouttsID=cou14787458">http://pda.library.cornell.edu/coutts/pod.cgi?CouttsID=cou14787458</a>
Public note Click to ask Cornell University Library to RUSH purchase. We will contact you by email when it arrives (typically within a week).
906 ## - LOCAL DATA ELEMENT F, LDF (RLIN)
a 7
b cbc
c orignew
d 1
e ecip
f 20
g y-gencatlg
942 ## - ADDED ENTRY ELEMENTS (KOHA)
Source of classification or shelving scheme
Koha item type Book
Holdings
Withdrawn status Lost status Source of classification or shelving scheme Damaged status Not for loan Permanent Location Current Location Date acquired Total Checkouts Full call number Barcode Date last seen Price effective from Koha item type
          School of Civil and Environmental Engineering (SCEE) School of Civil and Environmental Engineering (SCEE) 09/16/2020   624.15132 ZHO NIT-13247 09/16/2020 09/16/2020 Book
© 2023 Central Library, National University of Sciences and Technology. All Rights Reserved.